Access for all may mean constant upgrade (Record no. 77824)

MARC details
000 -LEADER
fixed length control field 01290cab a2200217 4500
001 - CONTROL NUMBER
control field ##L135186
008 - FIXED-LENGTH DATA ELEMENTS--GENERAL INFORMATION
fixed length control field 061003n2006 000 0 eng u
035 ## - SYSTEM CONTROL NUMBER
System control number (Sirsi) u135186
041 0# - LANGUAGE CODE
Language code of text/sound track or separate title eng
245 00 - TITLE STATEMENT
Title Access for all may mean constant upgrade
260 ## - PUBLICATION, DISTRIBUTION, ETC.
Date of publication, distribution, etc. 2006
490 #0 - SERIES STATEMENT
Series statement Building Engineer
Volume/sequential designation 81(10) October 2006, 12-13(2)
520 ## - SUMMARY, ETC.
Summary, etc. Discusses the challenges of meeting the requirements of the Disability Discrimination Act 1995 Part III. The Act relies on case law to define its parameters and will evolve over time, making it difficult for the industry to keep abreast of changes. Looks at Configure's new software, SmartAudit, a hand-held computer which records access audits of a building. The audits are uploaded to a database which is continually updated as the legislation changes. Also highlights the disability organisation Scope's new programme, Access Equality, and the importance of ensuring accessibility for the 2012 Olympics.
590 ## - LOCAL NOTE (RLIN)
Local note IKA171006
650 24 - SUBJECT ADDED ENTRY--TOPICAL TERM
Topical term or geographic name entry element OLYMPIC GAMES 2012
650 24 - SUBJECT ADDED ENTRY--TOPICAL TERM
Topical term or geographic name entry element BUILDING REGULATIONS 2000 APPROVED DOCUMENT M (2004 EDITION)
650 24 - SUBJECT ADDED ENTRY--TOPICAL TERM
Topical term or geographic name entry element DISABILITY DISCRIMINATION ACT 1995 PART III
651 #4 - SUBJECT ADDED ENTRY--GEOGRAPHIC NAME
Geographic name United Kingdom
Chronological subdivision
690 ## - LOCAL SUBJECT ADDED ENTRY--TOPICAL TERM (OCLC, RLIN)
Topical term or geographic name as entry element BUILT ENVIRONMENT-BUILDING MAINTENANCE AND REFURBISHMENT-BUILDING ADAPTATION
942 ## - ADDED ENTRY ELEMENTS (KOHA)
Suppress in OPAC 0
Holdings
Withdrawn status Lost status Source of classification or shelving scheme Damaged status Not for loan Home library Current library Shelving location Date acquired Total Checkouts Full call number Barcode Date last seen Copy number Price effective from Koha item type
    Dewey Decimal Classification     London London Journal article 03/10/2006   L135186 135186-1001 06/08/2019 1 06/08/2019 Journal article